Signs out of time : the story of archaeologist Marija Gimbutas /

An in-depth look at the life and work of archaeologist Dr. Marija Gimbutas, who uncovered the prehistoric "Old Europe". Includes interviews with supporters and footage of the doctor herself.

Bibliographic Details
Corporate Authors: Belili Productions (Firm), Alive Mind Media, Lorber HT Digital
Other Authors: Read, Donna, Starhawk, Dukakis, Olympia, Gimbutas, Marija, 1921-1994, Nobel, Vikki, Christ, Carol P., Gaydon, Elinor
Format: Video DVD
Language:English
Published: [United States] : Alive Mind ; [2008]
Subjects:

MARC

Tag First Indicator Second Indicator Subfields
LEADER 00000cgm a2200000Ia 4500
001 in00002706421
005 20151202142542.0
007 vd cvaizq
008 080701p20082003xxu060 vleng d
024 1 0 |a 718122515226 
024 1 |a 718122515028 
028 4 2 |a ALV-DV-7  |b Alive Mind 
035 |a (OCoLC)ocn233003215 
035 |a (OCoLC)233003215 
037 |b Midwest Tape  |n http://www.midwesttapes.com 
040 |a TEFMT  |c TEFMT  |d TEF  |d OCLCA  |d ORX  |d LYU  |d JTH  |d JBG  |d VP@  |d OCLCA  |d UtOrBLW 
043 |a e------ 
049 |a TXAM 
050 1 4 |a CC115.A47  |b S54 2008 
082 0 4 |a 930.1092  |2 22 
090 |a CC115.G56  |b S54 2008 
245 0 0 |a Signs out of time :  |b the story of archaeologist Marija Gimbutas /  |c Belili Productions presents a documentary by Donna Read and Starhawk. 
264 1 |a [United States] :  |b Alive Mind ;  |c [2008] 
264 2 |a New York, NY :  |b Distributed by Lorber HT Digital, 
264 4 |c ©2003 
300 |a 1 videodisc (60 min.) :  |b sound, color ;  |c 4 3/4 in. 
336 |a two-dimensional moving image  |b tdi  |2 rdacontent 
337 |a video  |b v  |2 rdamedia 
338 |a videodisc  |b vd  |2 rdacarrier 
538 |a DVD, region 0, NTSC. 
500 |a Title from container. 
511 0 |a Narrator, Olympia Dukakis ; Interviews with: Marija Gimbutas, Vikki Nobel, Carol Christ, Elinor Gaydon. 
508 |a Music, Stellamara, Sonja Drakulich. 
521 8 |a Not rated. 
520 |a An in-depth look at the life and work of archaeologist Dr. Marija Gimbutas, who uncovered the prehistoric "Old Europe". Includes interviews with supporters and footage of the doctor herself. 
500 |a Videorecording. 
600 1 0 |a Gimbutas, Marija,  |d 1921-1994. 
650 0 |a Archaeologists  |v Biography. 
650 0 |a Prehistoric peoples  |z Europe. 
650 0 |a Religion, Prehistoric  |z Europe. 
655 7 |a Documentary films.  |2 lcgft 
655 7 |a Nonfiction films.  |2 lcgft 
700 1 |a Read, Donna. 
700 0 |a Starhawk. 
700 1 |a Dukakis, Olympia. 
700 1 |a Gimbutas, Marija,  |d 1921-1994. 
700 1 |a Nobel, Vikki. 
700 1 |a Christ, Carol P. 
700 1 |a Gaydon, Elinor. 
710 2 |a Belili Productions (Firm) 
710 2 |a Alive Mind Media. 
710 2 |a Lorber HT Digital. 
994 |a C0  |b TXA 
948 |a cataloged  |b h  |c 2011/9/22  |d c  |e blrosas  |f 10:20:48 am 
999 |a MARS 
999 f f |s 525f3c1f-a7a6-37d7-88fd-bca0a4aeddeb  |i c8e35fb3-85ce-30de-bba6-834a06255cab  |t 0 
952 f f |p ric  |a Texas A&M University  |b Rellis Campus  |c Joint Library Facility  |d Remote Storage  |t 0  |e CC115.G56 S54 2008  |h Library of Congress classification  |i video -- videodisc  |m A14841184446 
998 f f |a CC115.G56 S54 2008  |t 0  |l Remote Storage